00410nam a2200157Ia 4500008004100000020001500041041001200056082001100068100001900079245006700098250000800165260003900173300000900212650001400221700001700235221030s9999 xx 000 0 und d a8177584243 aEnglish a105.23 aR. P. Grimaldi 0aDiscrete & Combinatorial Mathematics - An Applied Introduction a5th bPearson EdcuationaNew Delhic2008 a1026 aComputers aB. V. Ramana